Podnikové účetnictví o jednotné organisaci podnikového početnictví abeceda účetních vědomostí pro každého

Salvato in:
Dettagli Bibliografici
Natura: Libro
Lingua:ceco
Pubblicazione: Praha Tiskové podniky Průmyslová služba 1950
Tags: Aggiungi Tag
Nessun Tag, puoi essere il primo ad aggiungerne!!

MARC

LEADER 00000nam a2200000 4500
001 0268668
005 20240822101712.5
041 0 |a cze 
044 |a -CS 
245 1 0 |a Podnikové účetnictví o jednotné organisaci podnikového početnictví  |b abeceda účetních vědomostí pro každého  |c Jozef Fiala 
264 1 |a Praha  |b Tiskové podniky Průmyslová služba  |c 1950